Bayern Munich players since 2000 - Statistics

General Stats
  • This quiz has been taken 290 times
    249 since last reset
  • The average score is 94 of 193
Answer Stats
Ranking Player Positions Nationality Matches Goals Assists Periods % Correct
2 Manuel Neuer GK 367 0 0 2011-2025
100%
13 Arjen Robben MF, FW 201 99 51 2009-2019
99%
6 David Alaba DF, MF 281 23 26 2009-2021
99%
7 Franck Ribéry MF, FW 273 85 94 2007-2019
99%
5 Joshua Kimmich DF, MF 295 29 71 2015-2025
99%
4 Philipp Lahm DF, MF 332 12 38 2005-2017
99%
8 Robert Lewandowski FW 253 238 35 2014-2022
99%
1 Thomas Müller MF, FW 503 150 174 2008-2025
99%
3 Bastian Schweinsteiger DF, MF 342 45 58 2002-2015
97%
9 Oliver Kahn GK 251 0 0 2000-2008
97%
23 Alphonso Davies DF 154 9 21 2018-2025
95%
64 Harry Kane FW 63 62 17 2023-2025
95%
10 Jérôme Boateng DF 229 5 14 2011-2021
95%
11 Kingsley Coman MF, FW 227 46 41 2015-2025
95%
54 Mats Hummels DF 75 3 3 2006-2007, 2016-2019
94%
16 Leon Goretzka MF 180 35 27 2018-2025
93%
14 Serge Gnabry DF, MF, FW 193 70 33 2018-2025
93%
12 Claudio Pizarro FW 224 87 30 2001-2006, 2012-2015
92%
24 Leroy Sané MF, FW 153 40 39 2020-2025
92%
28 Jamal Musiala MF, FW 139 45 23 2019-2025
91%
25 Thiago Alcántara MF 150 17 20 2013-2020
91%
51 Arturo Vidal MF 79 14 9 2015-2018
89%
21 Javi Martínez DF, MF 164 9 7 2012-2021
89%
36 Mario Gómez FW 115 75 8 2009-2013
87%
39 Benjamin Pavard DF 111 8 6 2019-2023
86%
41 Dayot Upamecano DF 102 4 7 2021-2025
86%
83 James Rodríguez MF, FW 43 14 14 2017-2019
86%
50 Dante DF 86 3 2 2012-2016
85%
56 Mario Götze MF, FW 73 22 14 2013-2016
85%
43 Miroslav Klose FW 98 24 14 2007-2011
85%
52 Xabi Alonso MF 79 5 7 2014-2017
84%
112 Yann Sommer GK 19 0 0 2022-2023
84%
22 Daniel Van Buyten DF 158 20 1 2006-2014
83%
48 Eric Maxim Choupo-Moting MF, FW 88 19 6 2020-2024
83%
55 Lucas Hernández DF 74 0 4 2019-2023
82%
74 Matthijs de Ligt DF 53 5 1 2022-2024
82%
104 Sadio Mané MF, FW 25 7 5 2022-2023
82%
73 Mario Mandžukić MF, FW 54 33 5 2012-2014
81%
59 Sven Ulreich GK 66 0 0 2015-2019, 2021-2025
81%
92 Eric Dier DF, MF 36 2 1 2023-2025
80%
68 Luca Toni FW 60 38 10 2007-2010
80%
17 Rafinha DF 179 5 15 2011-2019
80%
70 Konrad Laimer DF, MF 58 2 5 2023-2025
79%
37 Niklas Süle DF 114 6 4 2017-2022
79%
58 Lukas Podolski MF, FW 71 15 10 2006-2009
78%
87 Marcel Sabitzer DF, MF, FW 40 2 2 2021-2023
78%
57 Corentin Tolisso DF, MF 72 11 7 2017-2022
77%
67 Douglas Costa MF, FW 61 9 14 2015-2016, 2020-2021
77%
76 Kim Min-jae DF 52 3 1 2023-2025
77%
18 Martín Demichelis DF, MF 174 13 7 2003-2011
77%
95 Michael Olise MF, FW 34 12 15 2024-2025
77%
72 Ivica Olić FW 55 13 7 2009-2012
76%
27 Lúcio DF 144 7 6 2004-2009
75%
33 Mark van Bommel MF 123 11 14 2006-2011
75%
29 Toni Kroos MF 130 13 25 2007-2008, 2010-2014
75%
84 Raphaël Guerreiro DF, MF 43 7 4 2023-2025
74%
77 Xherdan Shaqiri MF, FW 52 11 9 2012-2015
74%
35 Holger Badstuber DF, MF 119 1 4 2009-2012, 2014-2017
73%
109 Ivan Perišić DF, MF, FW 22 4 3 2019-2020
73%
40 Michael Ballack MF 107 45 28 2002-2006
73%
53 Juan Bernat DF, MF, FW 76 3 5 2014-2018
72%
88 Noussair Mazraoui DF 38 1 7 2022-2024
72%
107 Philippe Coutinho MF, FW 23 8 6 2019-2020
69%
31 Roque Santa Cruz FW 126 26 10 2000-2007
69%
85 Josip Stanišić DF 42 1 2 2020-2022, 2024-2025
68%
94 Renato Sanches MF, FW 35 1 1 2016-2017, 2018-2020
68%
30 Roy Makaay FW 129 78 28 2003-2007
68%
152 Emre Can DF, MF 4 1 1 2012-2013
67%
99 Medhi Benatia DF 29 2 2 2014-2016
67%
62 Hamit Altıntop DF, MF 63 7 6 2007-2011
66%
63 Hans-Jörg Butt GK 63 0 0 2008-2012
66%
26 Owen Hargreaves MF 145 5 18 2000-2007
66%
20 Zé Roberto DF, MF 169 14 42 2002-2005, 2007-2009
66%
44 Giovane Élber FW 94 54 15 2000-2004
64%
86 Aleksandar Pavlovic MF 40 3 2 2023-2025
63%
32 Bixente Lizarazu DF 123 4 9 2000-2006
62%
19 Hasan Salihamidžić DF, MF 173 23 28 2000-2007
62%
103 Ryan Gravenberch MF 25 0 0 2022-2024
61%
117 Pierre Højbjerg MF 17 0 1 2012-2015
60%
15 Willy Sagnol DF 184 7 26 2000-2008
60%
69 Mathys Tel MF, FW 60 12 6 2022-2025
59%
118 Bouna Sarr DF, MF, FW 16 0 1 2020-2024
58%
49 Anatoliy Tymoshchuk DF, MF 86 4 1 2009-2013
57%
61 Luiz Gustavo DF, MF 64 6 1 2010-2013
57%
115 João Palhinha MF 17 0 0 2024-2025
55%
96 Niko Kovač MF 34 3 0 2001-2003
55%
45 Robert Kovač DF 94 0 1 2001-2005
55%
142 Hiroki Ito DF 6 1 0 2024-2025
52%
151 Daniel Peretz GK 4 0 0 2023-2025
51%
34 Mehmet Scholl MF 122 26 29 2000-2007
51%
121 João Cancelo DF, MF 15 1 4 2022-2023
48%
128 Joshua Zirkzee MF, FW 12 4 0 2019-2021
48%
123 Sacha Boey DF 15 0 2 2023-2025
48%
138 Jonas Urbig GK 8 0 0 2024-2025
47%
175 Alexander Nübel GK 1 0 0 2020-2021
46%
100 Torsten Frings MF 29 3 4 2004-2005
46%
89 Sebastian Rode MF 38 3 6 2014-2016
44%
106 Sebastian Rudy MF 25 1 4 2017-2018
44%
90 Stefan Effenberg MF 37 6 8 2000-2002
44%
159 Pepe Reina GK 3 0 0 2014-2015
43%
46 Samuel Kuffour DF 94 3 1 2000-2005
43%
105 Sandro Wagner FW 25 8 2 2007-2008, 2017-2019
43%
132 Tom Starke GK 10 0 0 2012-2013, 2016-2018
42%
146 Chris Richards DF, MF 5 0 1 2019-2022
41%
71 Danijel Pranjić DF, MF 55 1 7 2009-2012
41%
79 Diego Contento DF 49 0 2 2009-2014
41%
129 Omar Richards DF 12 0 0 2021-2022
41%
101 Paolo Guerrero FW 27 10 5 2004-2006
41%
143 Landon Donovan MF, FW 6 0 0 2008-2009
40%
75 Michael Rensing GK 53 0 0 2003-2010
40%
93 José Sosa MF 35 2 0 2007-2010
38%
122 Marc Roca MF 15 0 0 2020-2022
37%
150 Daley Blind DF, MF 4 0 0 2022-2023
36%
157 Álvaro Odriozola DF 3 0 0 2019-2020
35%
164 Arijon Ibrahimović DF, MF, FW 2 0 0 2022-2023, 2024-2025
35%
139 Bryan Zaragoza MF, FW 7 0 0 2023-2024
34%
82 Carsten Jancker FW 43 12 2 2000-2002
34%
97 Ali Karimi MF, FW 33 3 4 2005-2007
32%
110 Patrik Andersson DF 22 1 1 2000-2001
32%
145 Paul Wanner MF, FW 6 0 0 2021-2023
32%
108 Tanguy Nianzou DF 23 1 1 2020-2022
32%
60 Christian Lell DF 64 1 1 2003-2004, 2006-2009
31%
131 Mickaël Cuisance MF, FW 11 1 0 2019-2022
31%
47 Andreas Ottl MF 92 5 5 2005-2011
30%
66 Sebastian Deisler MF 62 8 12 2002-2007
30%
38 Thomas Linke DF 112 0 1 2000-2005
30%
42 Jens Jeremies MF 101 2 6 2000-2006
28%
114 Massimo Oddo DF 18 0 3 2008-2009
28%
133 Nils Petersen MF, FW 9 2 0 2011-2012
27%
80 Paulo Sérgio MF, FW 49 8 4 2000-2002
26%
172 Sarpreet Singh MF, FW 2 0 0 2019-2020
26%
130 Thomas Kraft GK 12 0 0 2010-2011
26%
102 Tim Borowski MF 26 5 1 2008-2009
25%
98 Valérien Ismaël DF 31 0 1 2005-2007
25%
136 Gianluca Gaudino MF 8 0 0 2014-2015
24%
168 Lars Lukas Mai DF 2 0 0 2017-2018
24%
78 Alexander Zickler FW 50 8 2 2000-2002, 2004-2005
23%
177 Christian Früchtl GK 1 0 0 2021-2022
23%
127 Edson Braafheid DF 12 0 0 2009-2011
23%
135 Gabriel Vidovic MF, FW 8 0 1 2021-2022, 2024-2025
23%
116 Marcell Jansen DF, MF 17 0 1 2007-2008
23%
154 Malik Tillman MF, FW 4 0 0 2021-2022
22%
160 Serdar Tasci DF 3 0 0 2015-2016
22%
125 Piotr Trochowski MF 13 1 0 2002-2004
20%
161 Takashi Usami MF, FW 3 0 0 2011-2012
20%
91 Ciriaco Sforza DF, MF 36 1 5 2000-2002
19%
137 Jan Schlaudraff MF, FW 8 0 0 2007-2008
19%
167 Kwasi Okyere Wriedt FW 2 0 0 2017-2018, 2019-2020
19%
119 Mitchell Weiser DF, MF, FW 16 1 0 2013-2015
19%
65 Thorsten Fink MF 63 3 1 2000-2004
19%
174 Tiago Dantas MF 2 0 0 2020-2021
19%
163 Adam Aznou DF 2 0 0 2024-2025
17%
81 Michael Tarnat DF, MF 44 1 6 2000-2003
17%
113 Andreas Görlitz DF, MF 18 0 0 2004-2005, 2006-2007
16%
153 Frans Krätzig DF, MF 4 0 0 2023-2024
16%
184 Marco Friedl DF, MF 1 0 0 2017-2018
16%
126 Tobias Rau DF 13 0 1 2003-2005
16%
140 Jan Kirchhoff DF, MF 7 0 0 2013-2014
15%
147 Julio dos Santos MF 5 0 1 2005-2007
15%
134 Vahid Hashemian MF, FW 9 0 0 2004-2005
15%
158 Bernd Dreher GK 3 0 0 2000-2001, 2005-2007
14%
179 Jonah Kusi-Asare FW 1 0 0 2024-2025
13%
120 Pablo Thiam DF, MF 16 0 0 2001-2003
13%
149 Thomas Strunz MF 5 0 0 2000-2001
13%
187 Niklas Dorsch MF 1 1 0 2017-2018
12%
190 Sinan Kurt MF, FW 1 0 0 2014-2015
12%
111 Breno Borges DF 21 0 0 2007-2011
11%
178 Jeong Woo-yeong MF, FW 1 0 0 2018-2019
11%
148 Lovro Zvonarek MF, FW 5 1 0 2023-2024
11%
170 Lukas Raeder GK 2 0 0 2013-2014
11%
186 Miloš Pantović MF, FW 1 0 0 2015-2016
11%
191 Steffen Hofmann MF 1 0 0 2001-2002
11%
162 Zvjezdan Misimović MF 3 0 0 2002-2004
11%
156 Alexander Baumjohann MF 3 0 1 2009-2010
10%
166 Franck Evina FW 2 0 0 2017-2018
9%
155 Stefan Wessels GK 4 0 0 2000-2003
9%
180 Jonathan Asp Jensen FW 1 0 0 2023-2024
8%
173 Stefan Maierhofer FW 2 0 0 2006-2007
8%
193 Ylli Sallahi DF 1 0 0 2013-2014
8%
188 Oliver Batista-Meier MF, FW 1 0 0 2019-2020
7%
141 Antonio Di Salvo FW 6 0 0 2000-2001
6%
176 Berkant Göktan FW 1 0 0 2000-2001
6%
189 Rico Strieder MF 1 0 0 2014-2015
6%
192 Stephan Fürstner MF 1 0 0 2006-2007
6%
165 Christopher Scott MF, FW 2 0 0 2020-2021
5%
183 Lukas Görtler MF, FW 1 0 0 2014-2015
5%
185 Matteo Perez Vinlöf FW 1 0 0 2023-2024
5%
171 Meritan Shabani MF, FW 2 0 0 2017-2019
5%
144 Michael Wiesinger MF 6 0 0 2000-2001
5%
169 Leon Dajaku DF, MF, FW 2 0 0 2019-2020
4%
181 Louis Ngwat-Mahop MF, FW 1 0 0 2006-2007
4%
182 Lucas Copado FW 1 0 0 2021-2022
4%
124 Markus Feulner MF 13 0 1 2001-2004
3%
No matching quizzes found
Score Distribution
Percent of People with Each Score
Percentile by Number Answered
Your Score History
You have not taken this quiz since the last reset